000 01426nam a22002417a 4500
999 _c57197
_d57197
003 Ge_BSU
005 20200110101631.0
008 200110s2009ge xxu||||| |||| 00| 0 geo d
020 _a9789941409677
041 _ageo
080 _a811,.353.1-84(075.8) ქ-27
245 _aქართული ენის გაკვეთილები = Gurcuce Dersleri :
_b1 ნაწილი /
_cმაია კიკვაძე ; მამია ფაღავა ; ზაზა შაშიკაძე ; და სხვ ; რედ. ლილე თანდილავა.
264 _aბათუმი :
_bშოთა რუსთაველის სახელმწიფო უნ-ტის გამ-ბა,
_c2009.
300 _a84 გვ .:
_c29 სმ.
653 _aქართული ენა
653 _aუცხოელი სტუდენტებისათვის (თურქ) სტუდენტებთან სამუშაოდ
700 _aკიკვაძე,მაია
_96063
700 _aფაღავა, მამია
_96064
700 _aშაშიკაძე, ზაზა
_96065
700 _aთანდილავა, ლილე
_eრედაქტორი
_95951
710 _eბათუმის შოთა რუსთაველის სახელმწიფო უნივერსიტეტი
_96066
942 _2udc
_cBK